All County Seats of Illinois on a Map - Statistics

General Stats
  • This quiz has been taken 353 times
  • The average score is 35 of 102
Answers on the Map
Answers color-coded by a green-red scale on the quiz's map according to % correct below.
 
Answer Stats
County Seat % Correct
Chicago
97%
Springfield
90%
Peoria
86%
Rockford
82%
Joliet
78%
Urbana
76%
Bloomington
73%
Waukegan
70%
Decatur
66%
Cairo
65%
Rock Island
65%
Quincy
62%
Kankakee
61%
Galena
53%
Danville
52%
Belleville
48%
Edwardsville
46%
Effingham
45%
Lincoln
45%
Wheaton
43%
Freeport
42%
Galesburg
42%
Jacksonville
42%
Pekin
42%
Charleston
39%
Ottawa
39%
Belvidere
38%
Dixon
38%
Marion
38%
Metropolis
38%
Pontiac
37%
Geneva
36%
Clinton
35%
Mount Vernon
35%
Macomb
34%
Woodstock
34%
Princeton
33%
Morris
32%
Sycamore
31%
Jerseyville
30%
Paxton
30%
Shelbyville
30%
Yorkville
30%
Eureka
28%
Paris
28%
Vandalia
28%
Oregon
27%
Taylorville
27%
Chester
26%
Greenville
26%
Hardin
26%
Havana
26%
Marshall
26%
Monmouth
26%
Morrison
26%
Mound City
26%
Murphysboro
26%
Salem
26%
Tuscola
26%
Waterloo
26%
Watseka
26%
Carthage
25%
Hennepin
25%
Hillsboro
25%
Mount Sterling
25%
Olney
25%
Pittsfield
25%
Mount Carmel
24%
Benton
23%
Cambridge
23%
Elizabethtown
23%
Monticello
23%
Mount Carroll
23%
Oquawka
23%
Pinckneyville
23%
Virginia
23%
Aledo
22%
Carlyle
22%
Carmi
22%
Carrollton
22%
Fairfield
22%
Harrisburg
22%
Nashville
22%
Robinson
22%
Rushville
22%
Vienna
22%
Carlinville
21%
Golconda
21%
Jonesboro
20%
Petersburg
20%
Shawneetown
20%
Toledo
20%
Toulon
20%
Lacon
19%
Lewistown
19%
Lawrenceville
18%
Louisville
18%
Sullivan
18%
Winchester
18%
Albion
16%
McLeansboro
15%
Newton
15%
No matching quizzes found
Score Distribution
Percent of People with Each Score
Percentile by Number Answered
Your Score History
You have not taken this quiz